000 00761nam a2200217Ii 4500
003 JO-AjNU
008 230605s9999||||xx |||||||||||||| ||und||
020 _a978-2-7451-0808-1 / 2-7451-0808-5
040 _aJO-AjNU
_bara
_erda
_cJO-AjNU
041 _aara
050 1 4 _aPJ7700.A43.Z52 2010
100 3 _aشرحه وصنف قوافيه وقدم له مهدي محمد ناصر الدين,
_eauthor
_933678
245 0 0 _aديوان الأخطل
250 _aط3
264 3 1 _aبيروت:دار الكتب العلمية،2010
300 _a359ص
336 _atext
_btxt
_2rdacontent
337 _aunmediated
_bn
_2rdamedia
338 _avolume
_bnc
_2rdacarrier
650 4 _a الشعر العربي - تاريخ ونقد - العصر الأموي
_933679
999 _aA13732
_c17300
_d17300